[Event "Oberliga Sued W 1920"]
[Site "Germany"]
[Date "2019.09.29"]
[Round "1.8"]
[White "Jahn, Peter"]
[Black "Kuehn, Bernd"]
[Result "0-1"]
[WhiteElo "2063"]
[BlackElo "2033"]
[PlyCount "84"]
[EventDate "2019.09.29"]
[EventType "team-tourn"]
[EventRounds "9"]
[EventCountry "GER"]
[SourceTitle "EXT 2021"]
[Source "ChessBase"]
[SourceDate "2020.10.23"]
[SourceVersion "1"]
[SourceVersionDate "2020.10.23"]
[SourceQuality "1"]

1. d4 d5 2. c4 e6 3. Nf3 f5 4. Nc3 Nf6 5. g3 c6 6. Bg2 Bd6 7. 0-0 0-0 8. Qc2 Qe7 9. Rb1 Nbd7 10. a3 b6 11. b4 Bb7 12. Bf4 dxc4 13. Nd2 Bxf4 14. gxf4 Nd5 15. e3 b5 16. Bxd5 exd5 17. Nf3 Rf6 18. Kh1 Raf8 19. Rg1 Rh6 20. Rg5 Rhf6 21. Rbg1 g6 22. h4 Kg7 23. h5 Qe6 24. Nh4 Kf7 25. hxg6+ hxg6 26. Nxg6 Rxg6 27. Rxg6 Rh8+ 28. Kg2 Qxg6+ 29. Kf1 Qh5 30. Rg5 Qh3+ 31. Ke2 Rh5 32. Rg3 Qh1 33. a4 Nf6 34. axb5 cxb5 35. Qa2 Bc6 36. Qxa7+ Bd7 37. Nxb5 Qb1 38. Nd6+ Ke6 39. Rg6 Qd3+ 40. Kf3 Qd1+ 41. Kg2 Qh1+ 42. Kg3 Qh3# 0-1

[Event "Pfalz-ch MAT2 87th"]
[Site "Landau"]
[Date "2018.03.30"]
[Round "7"]
[White "Kuehn, Bernd"]
[Black "Meyer, Dieter"]
[Result "1/2-1/2"]
[WhiteElo "2014"]
[BlackElo "1919"]
[PlyCount "44"]
[EventDate "2018.03.23"]
[EventType "tourn"]
[EventRounds "9"]
[EventCountry "GER"]
[SourceTitle "EXT 2019"]
[Source "ChessBase"]
[SourceDate "2018.10.10"]
[SourceVersion "1"]
[SourceVersionDate "2018.10.10"]
[SourceQuality "1"]

1. d4 Nf6 2. Bg5 e6 3. e3 Be7 4. Bd3 c5 5. Nd2 cxd4 6. exd4 d5 7. c3 Bd7 8. Qe2 Nc6 9. f4 Qb6 10. Rb1 0-0 11. Nh3 Rae8 12. Nf2 Qc7 13. 0-0 Bd8 14. g4 e5 15. fxe5 Nxe5 16. Bxh7+ Kxh7 17. dxe5 Qxe5 18. Qd3+ Kg8 19. Nf3 Qc7 20. Bxf6 Bxf6 21. Nd4 Be5 22. Nf3 Bf4 1/2-1/2

[Event "Pfalz-ch MAT2 87th"]
[Site "Landau"]
[Date "2018.03.29"]
[Round "5"]
[White "Kuehn, Bernd"]
[Black "Zwick, Rainer"]
[Result "1-0"]
[WhiteElo "2014"]
[BlackElo "2025"]
[PlyCount "55"]
[EventDate "2018.03.23"]
[EventType "tourn"]
[EventRounds "9"]
[EventCountry "GER"]
[SourceTitle "EXT 2019"]
[Source "ChessBase"]
[SourceDate "2018.10.10"]
[SourceVersion "1"]
[SourceVersionDate "2018.10.10"]
[SourceQuality "1"]

1. d4 Nf6 2. Bg5 e6 3. e3 Be7 4. Bd3 b6 5. Qe2 Bb7 6. f4 d5 7. Bxf6 Bxf6 8. Nd2 Nd7 9. Nh3 c5 10. c3 Be7 11. 0-0 Nf6 12. Bb5+ Nd7 13. f5 exf5 14. Rxf5 a6 15. Ba4 b5 16. Bc2 Nf6 17. Raf1 0-0 18. Ng5 h6 19. Rxf6 Bxf6 20. Nh7 Bg5 21. Nf3 Qd6 22. dxc5 Qxc5 23. Nfxg5 hxg5 24. Qh5 Qxe3+ 25. Kh1 f5 26. Nxg5 Rfe8 27. Qh7+ Kf8 28. Qxf5+ 1-0

[Event "Pfalz-ch MAT2 86th"]
[Site "Wolfstein"]
[Date "2017.04.09"]
[Round "4"]
[White "Weissmann, Joerg"]
[Black "Kuehn, Bernd"]
[Result "1/2-1/2"]
[WhiteElo "2054"]
[BlackElo "2026"]
[PlyCount "52"]
[EventDate "2017.04.07"]
[EventType "tourn"]
[EventRounds "9"]
[EventCountry "GER"]
[SourceTitle "EXT 2018"]
[Source "ChessBase"]
[SourceDate "2017.10.13"]
[SourceVersion "1"]
[SourceVersionDate "2017.10.13"]
[SourceQuality "1"]

1. e4 d6 2. d4 Nf6 3. Nc3 Nbd7 4. Be3 e5 5. d5 Be7 6. Be2 0-0 7. Nf3 Re8 8. h3 Nf8 9. Qd2 c5 10. Bb5 N6d7 11. Bg5 Bxg5 12. Qxg5 f6 13. Qg3 Ng6 14. Nh4 Nxh4 15. Qxh4 a6 16. Be2 Nf8 17. Bg4 Ng6 18. Qg3 b5 19. 0-0 Nf4 20. Ne2 Bxg4 21. Qxg4 Nxe2+ 22. Qxe2 Ra7 23. c3 Rf7 24. a4 Qb6 25. axb5 axb5 26. Ra2 Rb8 1/2-1/2

[Event "Zweibruecken PSB-ch HT2 82nd"]
[Site "Zweibruecken"]
[Date "2013.03.29"]
[Round "5"]
[White "Zimmer, Sascha"]
[Black "Kuehn, Bernd"]
[Result "0-1"]
[WhiteElo "1708"]
[BlackElo "2009"]
[PlyCount "88"]
[EventDate "2013.??.??"]
[EventType "swiss"]
[EventRounds "7"]
[EventCountry "GER"]
[SourceTitle "EXT 2014"]
[Source "ChessBase"]
[SourceDate "2013.11.20"]
[SourceVersion "1"]
[SourceVersionDate "2013.11.20"]
[SourceQuality "1"]

1. e4 c6 2. d4 d5 3. Nc3 dxe4 4. Nxe4 Nf6 5. Nxf6+ gxf6 6. c3 Bf5 7. Bd3 Bg6 8. Ne2 Nd7 9. Nf4 e5 10. Nxg6 hxg6 11. Qe2 Qe7 12. dxe5 fxe5 13. f4 0-0-0 14. f5 g5 15. b4 Qf6 16. Be4 Bd6 17. Be3 Kb8 18. Rd1 Bc7 19. Qf2 Bb6 20. g4 Rh4 21. h3 Qe7 22. Rd3 f6 23. Bg2 Rhh8 24. 0-0 Bxe3 25. Qxe3 Nb6 26. Rfd1 Rxd3 27. Qxd3 Kc7 28. Kf2 Rd8 29. Qxd8+ Qxd8 30. Rxd8 Kxd8 31. Ke3 Kd7 32. Kd3 Nc8 33. c4 b6 34. a4 Kd6 35. Kc3 a5 36. b5 cxb5 37. cxb5 Kc5 38. Bf3 Nd6 39. Bc6 Nc4 40. Be4 Ne3 41. Bd3 Nd5+ 42. Kb3 Kd4 43. Bf1 e4 44. Kc2 Ne3+ 0-1

[Event "Zweibruecken PSB-ch HT2 82nd"]
[Site "Zweibruecken"]
[Date "2013.03.22"]
[Round "1"]
[White "Rein, Daniel"]
[Black "Kuehn, Bernd"]
[Result "1/2-1/2"]
[WhiteElo "1597"]
[BlackElo "2009"]
[PlyCount "39"]
[EventDate "2013.??.??"]
[EventType "swiss"]
[EventRounds "7"]
[EventCountry "GER"]
[SourceTitle "EXT 2014"]
[Source "ChessBase"]
[SourceDate "2013.11.20"]
[SourceVersion "1"]
[SourceVersionDate "2013.11.20"]
[SourceQuality "1"]

1. e4 g6 2. d4 Bg7 3. Nc3 c6 4. f4 d5 5. e5 h5 6. Nf3 Nh6 7. Bd3 Bf5 8. 0-0 e6 9. a4 Nd7 10. b4 Bg4 11. a5 Nf5 12. Bxf5 gxf5 13. h3 Bxf3 14. Rxf3 h4 15. Ba3 Bf8 16. Kh1 b6 17. b5 c5 18. dxc5 bxc5 19. Nxd5 exd5 20. Qxd5 1/2-1/2

[Event "Oberliga Sued W 1011"]
[Site "Germany"]
[Date "2010.11.14"]
[Round "3.8"]
[White "Busche, Stefan"]
[Black "Kuehn, Bernd"]
[Result "1-0"]
[WhiteElo "2056"]
[BlackElo "1973"]
[PlyCount "103"]
[EventDate "2010.10.10"]
[EventType "team-tourn"]
[EventRounds "9"]
[EventCountry "GER"]
[SourceTitle "EXT 2012"]
[Source "ChessBase"]
[SourceDate "2011.11.24"]
[SourceVersion "1"]
[SourceVersionDate "2011.11.24"]
[SourceQuality "1"]
[WhiteTeam "Saarbruecken SVG"]
[BlackTeam "Frankenthal"]
[WhiteTeamCountry "GER"]
[BlackTeamCountry "GER"]

1. e4 g6 2. d4 c6 3. Nc3 d5 4. e5 Bg7 5. f4 h5 6. Nf3 Nh6 7. Be3 Bf5 8. h3 Nd7 9. Be2 Qa5 10. 0-0 Nf8 11. a3 Bd7 12. b4 Qc7 13. Na4 b6 14. Rc1 Qd8 15. Nb2 Nf5 16. Bf2 h4 17. c4 Ne6 18. Qd2 Nxf4 19. Qxf4 Bh6 20. Qh2 Bxc1 21. Rxc1 e6 22. cxd5 cxd5 23. Qf4 Rc8 24. Bd3 Qe7 25. Rxc8+ Bxc8 26. Bxf5 gxf5 27. Bxh4 Qc7 28. Qd2 Ba6 29. Kh2 Kd7 30. Qg5 Kc8 31. Qf6 Rh7 32. Qe7 Be2 33. Qxc7+ Kxc7 34. Bf6 Rh5 35. Na4 f4 36. Nc3 Bd3 37. Ng5 Bf5 38. Nb5+ Kb8 39. Nd6 Bg6 40. Ngxf7 Rh7 41. Ng5 Rc7 42. Nxe6 f3 43. gxf3 Rc2+ 44. Kg3 Rc3 45. Kg4 Bc2 46. Ng5 Rxa3 47. e6 Re3 48. e7 Bg6 49. Be5 Rxe5 50. dxe5 a5 51. bxa5 bxa5 52. Ngf7 1-0

[Event "Oberliga Sued W 0708"]
[Site "Germany"]
[Date "2008.03.09"]
[Round "7.8"]
[White "Kuehn, Bernd"]
[Black "Peiter, Andre"]
[Result "0-1"]
[WhiteElo "2066"]
[BlackElo "2055"]
[PlyCount "42"]
[EventDate "2007.10.21"]
[EventType "team-tourn"]
[EventRounds "9"]
[EventCountry "GER"]
[SourceTitle "EXT 2009"]
[Source "ChessBase"]
[SourceDate "2008.11.26"]
[SourceVersion "1"]
[SourceVersionDate "2008.11.26"]
[SourceQuality "1"]
[WhiteTeam "Frankenthal"]
[BlackTeam "Koblenz"]
[WhiteTeamCountry "GER"]
[BlackTeamCountry "GER"]

1. d4 Nf6 2. Bg5 e6 3. Nd2 h6 4. Bh4 d6 5. e3 Nc6 6. c3 Bd7 7. Bd3 Qe7 8. Qe2 g5 9. Bg3 e5 10. dxe5 dxe5 11. e4 0-0-0 12. Nc4 Bg4 13. f3 Bd7 14. Qc2 Nh5 15. Bf2 Nf4 16. Bf1 Be6 17. Ne3 Qd7 18. Rd1 Nb4 19. Qd2 Nbd3+ 20. Bxd3 Nxd3+ 21. Ke2 Qb5 0-1

[Event "Ulm/Neu Ulm-ch"]
[Site "Ulm/Neu Ulm"]
[Date "2004.10.29"]
[Round "4"]
[White "Andritzke, Karl Heinz"]
[Black "Kuehn, Bernd"]
[Result "0-1"]
[WhiteElo "1490"]
[BlackElo "1704"]
[PlyCount "92"]
[EventDate "2004.09.17"]
[EventType "swiss"]
[EventRounds "7"]
[EventCountry "GER"]
[SourceTitle "EXT 2011"]
[Source "ChessBase"]
[SourceDate "2010.11.26"]
[SourceVersion "1"]
[SourceVersionDate "2010.11.26"]
[SourceQuality "1"]

1. f4 d5 2. Nf3 g6 3. e3 Bg7 4. Be2 Nf6 5. 0-0 0-0 6. Nc3 c5 7. d4 b6 8. b3 Bb7 9. Bb2 Nbd7 10. Rb1 Rc8 11. Bb5 a6 12. Bxd7 Qxd7 13. Ne5 Qc7 14. Ne2 c4 15. b4 Ne4 16. c3 f6 17. Nf3 Rcd8 18. Ng3 Bc8 19. Rc1 Bg4 20. Qc2 Nxg3 21. hxg3 Bf5 22. Qa4 Qb7 23. Kf2 e5 24. Rh1 h6 25. Nh4 Be4 26. Qd1 g5 27. Nf3 exf4 28. exf4 Qd7 29. Qd2 a5 30. a3 Ra8 31. Ra1 Qf5 32. a4 axb4 33. cxb4 Rfe8 34. Rhe1 Bf8 35. a5 bxa5 36. bxa5 Reb8 37. Bc3 Bd6 38. Kg1 gxf4 39. Nh4 Qg5 40. Bb4 Rxb4 41. Nf3 Qxg3 42. Rf1 Rab8 43. a6 Rb2 44. Rf2 Rxd2 45. Rxd2 Bxf3 46. a7 Ra8 0-1

[Event "Pyramiden Franken Cup 4th"]
[Site "Fuerth"]
[Date "2001.08.25"]
[Round "8"]
[White "Reiser, Charles Roy"]
[Black "Kuehn, Bernd"]
[Result "0-1"]
[WhiteElo "2106"]
[BlackElo "1920"]
[PlyCount "100"]
[EventDate "2001.08.18"]
[EventType "swiss"]
[EventRounds "9"]
[EventCountry "GER"]
[SourceTitle "EXT 2010"]
[Source "ChessBase"]
[SourceDate "2010.11.25"]
[SourceVersion "1"]
[SourceVersionDate "2010.11.25"]
[SourceQuality "1"]

1. d4 Nf6 2. f4 g6 3. e3 Bg7 4. Nf3 0-0 5. Bd3 d6 6. 0-0 Nbd7 7. c3 Re8 8. Qc2 e5 9. Ng5 Nf8 10. Nd2 h6 11. Nge4 Nd5 12. Nb3 a5 13. Bd2 f5 14. Ng3 e4 15. Bc4 c6 16. Rae1 b5 17. Be2 Ba6 18. Nc1 Qb6 19. b3 Rac8 20. c4 Nf6 21. Rf2 Ne6 22. Nf1 b4 23. h3 d5 24. c5 Qb7 25. Bxa6 Qxa6 26. Nh2 h5 27. Qd1 h4 28. Nf1 Nh5 29. Ne2 Kf7 30. g4 hxg3 31. Nexg3 Nxg3 32. Nxg3 Rh8 33. Rh2 Rh4 34. Kg2 Rch8 35. Qe2 Qc8 36. Ra1 Nxc5 37. Nh1 Ne6 38. Be1 R4h6 39. Rc1 g5 40. Bg3 gxf4 41. exf4 Nxd4 42. Qe3 Qa6 43. Nf2 Rg6 44. Rd1 Ne2 45. Nh1 d4 46. Qf2 Bf6 47. Rd2 Nxg3 48. Nxg3 e3 49. Qe2 Qxe2+ 50. Rxe2 Rhg8 0-1

[Event "Pyramiden Franken Cup 4th"]
[Site "Fuerth"]
[Date "2001.08.21"]
[Round "4"]
[White "Kuehn, Bernd"]
[Black "Delitzsch, Juergen"]
[Result "0-1"]
[WhiteElo "1920"]
[BlackElo "2239"]
[PlyCount "90"]
[EventDate "2001.08.18"]
[EventType "swiss"]
[EventRounds "9"]
[EventCountry "GER"]
[SourceTitle "EXT 2010"]
[Source "ChessBase"]
[SourceDate "2010.11.25"]
[SourceVersion "1"]
[SourceVersionDate "2010.11.25"]
[SourceQuality "1"]

1. d4 Nf6 2. Bg5 Ne4 3. h4 c5 4. d5 Qb6 5. Nd2 Nxd2 6. Bxd2 Qxb2 7. Nf3 d6 8. e4 g6 9. Rb1 Qf6 10. Rb3 e5 11. Bb5+ Nd7 12. Bg5 Qg7 13. Bxd7+ Kxd7 14. Qb1 Kc7 15. Bd2 f6 16. Ba5+ Kb8 17. Nd2 Qd7 18. Rhh3 h5 19. Rhg3 Rg8 20. Ra3 Be7 21. Nc4 Bd8 22. Rgb3 Rg7 23. Bxd8 Qxd8 24. Na5 Rc7 25. Nc6+ Rxc6 26. dxc6 b6 27. Rd3 c4 28. Rd2 Kc7 29. Qb5 Be6 30. c3 Qe8 31. f3 Qxc6 32. Qxc6+ Kxc6 33. Ra4 a5 34. Ke2 Kc5 35. Rb2 b5 36. Ra3 a4 37. Ke3 Rd8 38. Ke2 d5 39. exd5 Rxd5 40. Rd2 Rxd2+ 41. Kxd2 Bd5 42. Ke3 Bc6 43. Kf2 f5 44. Kg3 f4+ 45. Kf2 b4 0-1

[Event "Pyramiden Franken Cup 4th"]
[Site "Fuerth"]
[Date "2001.08.20"]
[Round "3"]
[White "Zickelbein, Eva Maria"]
[Black "Kuehn, Bernd"]
[Result "0-1"]
[WhiteElo "2162"]
[BlackElo "1920"]
[PlyCount "46"]
[EventDate "2001.08.18"]
[EventType "swiss"]
[EventRounds "9"]
[EventCountry "GER"]
[SourceTitle "EXT 2010"]
[Source "ChessBase"]
[SourceDate "2010.11.25"]
[SourceVersion "1"]
[SourceVersionDate "2010.11.25"]
[SourceQuality "1"]

1. e4 c6 2. d4 d5 3. Nc3 dxe4 4. Bc4 Nf6 5. f3 exf3 6. Nxf3 Bf5 7. 0-0 e6 8. Ne5 Bg6 9. Bg5 Be7 10. Kh1 Nbd7 11. Nxg6 hxg6 12. Qf3 Qc7 13. h3 0-0-0 14. Ne4 Nb6 15. Bxf6 gxf6 16. Bd3 f5 17. Nf2 Rxd4 18. a4 Rdh4 19. a5 Nd5 20. g3 R4h7 21. b4 Bxb4 22. Rfb1 Bc5 23. Bf1 Ne3 0-1